书目信息 |
| 题名: |
家庭装修金手指
|
|
| 作者: | 金公权 著 | |
| 分册: | ||
| 出版信息: | 上海 上海科学技术出版社 2008.01 |
|
| 页数: | 344页 | |
| 开本: | 21cm | |
| 丛书名: | ||
| 单 册: | ||
| 中图分类: | TU767 | |
| 科图分类: | ||
| 主题词: | 住宅--zhu zhai--室内装修--基本知识 | |
| 电子资源: | ||
| ISBN: | 978-7-5323-9107-3 | |
| 000 | 00965nam0 2200241 450 | |
| 001 | 357271 | |
| 005 | 20080429145058.0 | |
| 010 | @a978-7-5323-9107-3@dCNY23.00 | |
| 100 | @a20080416d2008 em y0chiy0110 ea | |
| 101 | 0 | @achi |
| 102 | @aCN@b310000 | |
| 105 | @ay z 000yy | |
| 106 | @ar | |
| 200 | 1 | @a家庭装修金手指@Ajia ting zhuang xiu jin shou zhi@e家装设计、施工、监理、维权一本通@f金公权著 |
| 210 | @a上海@c上海科学技术出版社@d2008.01 | |
| 215 | @a344页@d21cm | |
| 330 | @a本书内容分两大部分,第一部分介绍家庭装修设计、施工、合同签订、监理等装修知识和要点,第二部分重点介绍装修中的维权问题。具体包括:家居装修的方式,如何选择装修公司,装修前的准备,装修过程中的监理等。 | |
| 517 | 1 | @a家装设计、施工、监理、维权一本通@Ajia zhuang she ji、shi gong、jian li、wei quan yi ben tong |
| 606 | 0 | @a住宅@Azhu zhai@x室内装修@x基本知识 |
| 690 | @aTU767@v4 | |
| 701 | 0 | @a金公权@Ajin gong quan@4著 |
| 801 | 0 | @aCN@b@c20080416 |
| 905 | @b673981-3@dTU767@eJ760@f3 | |
| 家庭装修金手指:家装设计、施工、监理、维权一本通/金公权著.-上海:上海科学技术出版社,2008.01 |
| 344页;21cm |
| ISBN 978-7-5323-9107-3:CNY23.00 |
| 本书内容分两大部分,第一部分介绍家庭装修设计、施工、合同签订、监理等装修知识和要点,第二部分重点介绍装修中的维权问题。具体包括:家居装修的方式,如何选择装修公司,装修前的准备,装修过程中的监理等。 |
| ● |
| 相关链接 |
|
|
|
正题名:家庭装修金手指
索取号:TU767/J760
 
预约/预借
| 序号 | 登录号 | 条形码 | 馆藏地/架位号 | 状态 | 备注 |
| 1 | 673981 | 206739813 | 建筑库201/201建筑库 75排1列4层/ [索取号:TU767/J760] | 在馆 | |
| 2 | 673982 | 206739822 | 建筑库201/201建筑库 75排1列4层/ [索取号:TU767/J760] | 在馆 | |
| 3 | 673983 | 206739831 | 建筑库201/201建筑库 75排1列4层/ [索取号:TU767/J760] | 在馆 |